Pomerové a regresné odhadovanie v štatistických prieskumoch diplomová práca

Salvato in:
Dettagli Bibliografici
Autore principale: Šulovský, Bohumil
Ente Autore: Fakulta hospodárskej informatiky EU. Katedra štatistiky
Altri autori: Terek, Milan
Natura: Libro
Lingua:slovacco
Pubblicazione: Bratislava 2015
Tags: Aggiungi Tag
Nessun Tag, puoi essere il primo ad aggiungerne!!

MARC

LEADER 00000nbm a2200000 4500
001 0201610
005 20161212112518.0
041 0 |a slo 
044 |a SK 
245 1 0 |a Pomerové a regresné odhadovanie v štatistických prieskumoch  |b diplomová práca  |c Bohumil Šulovský ; školiteľ: Milan Terek 
264 1 |a Bratislava  |c 2015 
300 |a 58 s. 
100 1 |a Šulovský, Bohumil 
700 1 |a Terek, Milan 
710 2 |a Fakulta hospodárskej informatiky EU. Katedra štatistiky